00934nam a2200217 a 450000100100000000500170001000800410002704000250006808200150009310000390010824500630014726000360021030000300024650000870027650000420036350400540040504900090045995201130046895201180058199900170069900001752420200929165136.0100326s1996 dr 000 0 spa d aDO-SdBNPbspacBNPHU axxxbT266e1 aTejada, Yangüela, Argelia93534010aEstudio de impacto 1993-1995 /cArgelia Tejada Yangüela. aSanto Domingo :b[s.n.],c1996. a121 p. :bgraf. ;c29 cm. aA la cabeza de la portada Care-República Dominicana Proyecto Materno Infantil II aIncluye notas al pie de las páginas aIncluye referencias bibliográficas ( P. 95-100) aBNPD 0010718PDaPDbPDcCTd2010-03-26iLF1l0oxxx T266ep17524-10r2020-06-25w2020-06-25yLFPDZNo se presta 0010718PDaPDbPDcCTd2010-03-26iLF1l0oxxx T266ep17524-20r2020-06-25te.2w2020-06-25yLFPDZNo se presta c17049d17049